| 000 | 00552nam a2200193Ia 4500 | ||
|---|---|---|---|
| 008 | 140925s9999 xx 000 0 und d | ||
| 020 | _a2167-0269 | ||
| 100 | _aKhan, Mahmood A. | ||
| 245 |
_aJournal of Tourism & Hospitality / _cMahmood A. Khan. _h[electronic resource] |
||
| 260 |
_bOMICS Group, _cc2014. |
||
| 516 | _aElectronic text | ||
| 650 | _aHospitality. | ||
| 650 | _aJournal. | ||
| 650 | _aTourism. | ||
| 830 | _aOMICS Group | ||
| 856 | _uhttp://omicsgroup.org/journals/tourism-hospitality.php | ||
| 942 | _cEJ | ||
| 999 |
_c275752 _d275752 |
||